Bibó István konferencia
Elmentve itt :
| Dokumentumtípus: | Cikk |
|---|---|
| Megjelent: |
1992-11-04
|
| Sorozat: | Délmagyarország
82 No. 259 |
| Kulcsszavak: | Konferencia, Bibó Istvánról |
| Online Access: | http://dmarchiv.bibl.u-szeged.hu/82062 |
| LEADER | 00411nab a2200145 i 4500 | ||
|---|---|---|---|
| 001 | delm82062 | ||
| 005 | 20191001140932.0 | ||
| 008 | 191001s1992 hu o 0|| hun d | ||
| 040 | |a SZTE Délmagyarország Archívum |b hun | ||
| 041 | |a hun | ||
| 245 | 0 | 0 | |a Bibó István konferencia |h [elektronikus dokumentum] |
| 260 | |c 1992-11-04 | ||
| 300 | |a 1 | ||
| 490 | 0 | |a Délmagyarország |v 82 No. 259 | |
| 695 | |a Konferencia, Bibó Istvánról | ||